Platforma pre virtuálne laboratórium mechatronických systémov v rozšírenej realite

Uložené v:
Podrobná bibliografia
Hlavný autor: Pohančenik, Matúš (Autor)
Ďalší autori: Žáková, Katarína (Vedúci práce)
Médium: Rukopis Kniha
Jazyk:Slovak
Vydavateľské údaje: Bratislava : STU v Bratislave FEI, 2022
Predmet:
On-line prístup:https://opac.crzp.sk/?fn=detailBiblioFormChildOD0DK&sid=D9F0BB0A8DA9926980A691D31B33&seo=CRZP-detail-kniha
Tagy: Pridať tag
Žiadne tagy, Buďte prvý, kto otaguje tento záznam!

MARC

LEADER 00000ntm a22000003a 4500
001 stuzp86976
003 SK-STU
005 20230208135211.0
007 ta
008 150427s2015----xo-----f-mn---000-0-slo-d
040 |a STU  |b slo 
041 0 |a slo 
044 |a xo 
100 1 |a Pohančenik, Matúš  |u 035000  |4 aut  |U FEI Fakulta elektrotechniky a informatiky  |T FEI Ústav informatiky a matematiky  |X 86142  |U E050  |Y 816  |7 86142 
242 0 1 |a Platform for virtual laboratory of mechatronic systems in augmented reality  |y eng 
245 1 0 |a Platforma pre virtuálne laboratórium mechatronických systémov v rozšírenej realite 
260 |a Bratislava :  |b STU v Bratislave FEI,  |c 2022 
300 |a 81 s., príl. 
650 4 |a rozšírená realita  |2 slo 
650 4 |a simulácia experimentov  |2 slo 
650 4 |a virtuálne laboratórium  |2 slo 
650 4 |a AR Foundation  |2 slo 
650 4 |a augmented reality  |2 eng 
650 4 |a experiment simulation  |2 eng 
650 4 |a virtual laboratory  |2 eng 
650 4 |a AR Foundation  |2 eng 
700 1 |a Žáková, Katarína  |u 030400  |k Z1  |4 ths  |U FEI Fakulta elektrotechniky a informatiky  |T FEI Ústav automobilovej mechatroniky  |X 4948  |U E400  |Y 642  |7 A000004948 
856 4 |u https://opac.crzp.sk/?fn=detailBiblioFormChildOD0DK&sid=D9F0BB0A8DA9926980A691D31B33&seo=CRZP-detail-kniha